Družstva a nové zákony Obchodní zákoník a družstva - výklad. Zákon o transformaci družstev - výklad
Uložené v:
| Hlavný autor: | |
|---|---|
| Ďalší autori: | |
| Médium: | Kniha |
| Jazyk: | Czech |
| Vydavateľské údaje: |
Praha
Linde
1992
|
| Vydanie: | 1. vyd. |
| Predmet: | |
| Tagy: |
Žiadne tagy, Buďte prvý, kto otaguje tento záznam!
|
MARC
| LEADER | 00000nam a2200000 4500 | ||
|---|---|---|---|
| 001 | c000934 | ||
| 005 | 20221214085504.4 | ||
| 020 | |a 80-901210-2-0 | ||
| 041 | 0 | |a cze | |
| 044 | |a CZ | ||
| 245 | 1 | 0 | |a Družstva a nové zákony |b Obchodní zákoník a družstva - výklad. Zákon o transformaci družstev - výklad |c Jiří Čáp, Miroslav Koníř |
| 250 | |a 1. vyd. | ||
| 264 | 1 | |a Praha |b Linde |c 1992 | |
| 300 | |a 55 s. | ||
| 610 | 2 | 0 | |a družstvá |
| 610 | 2 | 0 | |a obchod |
| 610 | 2 | 0 | |a predpisy právne |
| 610 | 2 | 0 | |a družstvá spotrebné |
| 610 | 2 | 0 | |a družstvá bytové |
| 610 | 2 | 0 | |a právo obchodné |
| 100 | 1 | |a Čáp, Jiří | |
| 700 | 1 | |a Koníř, Miroslav | |